| 000 | 00990nam a22003017i 4500 | ||
|---|---|---|---|
| 003 | EG-GICUC | ||
| 005 | 20260204190039.0 | ||
| 008 | 260204s1925 fr ||||fr|||| 000 0 fre d | ||
| 040 |
_aEG-GiCUC _bfre _cEG-GiCUC _dEG-GiCUC _eRda |
||
| 082 | 0 | 4 |
_221 _a341.8 _bWE . M |
| 092 | 0 | 4 | _221 |
| 099 | _aLaw1 12 341.8 WE . M 1925 | ||
| 100 | 1 |
_aWeiss, André _eAuteur |
|
| 245 | 1 | 0 |
_aManuel De Droit International Privé / _cAndré Weiss. |
| 250 | _aNeuvième Édition | ||
| 264 | 1 |
_aparis : _bLibrairie De La Société Di Recueil Sirey, _c1925. |
|
| 300 |
_a737+67 page : _billustration ; _c 24 cm. |
||
| 336 |
_2rda contenu _a texte |
||
| 337 |
_2rda medias _aOrdinateur |
||
| 338 |
_2 transporteur rda _a Ressource en ligne |
||
| 504 | _aBibliography: pages 200-250. 240-220 | ||
| 546 | _aTexte en français | ||
| 650 | 1 | 4 |
_aDroit international privé _2 |
| 651 | 1 | _2 | |
| 856 | 4 | 0 | _uhttps://fll.law.cu.edu.eg/fulltext/bks/B12-02206.pdf |
| 905 | _a50 | ||
| 942 |
_2ddc _cBK _e21 _n0 |
||
| 999 |
_c61132 _d61132 |
||